000 00631nam a2200217Ii 4500
003 JO-AjNU
008 230606s9999||||xx |||||||||||||| ||und||
020 _a978-0-521-70184-6
040 _aJO-AjNU
_beng
_erda
_cJO-AjNU
041 _aeng
050 1 4 _aPE1439 2008
100 3 _aتأليف Palmer,Graham,
_eauthor
_92232
245 0 0 _aReal Writing 1 With answers
250 _a1 ed
264 3 1 _aNew York:Cambridge University Press,2008
300 _a111p
336 _atext
_btxt
_2rdacontent
337 _aunmediated
_bn
_2rdamedia
338 _avolume
_bnc
_2rdacarrier
650 4 _aEnglish Language-English Skills
_92233
999 _aE1169
_c1169
_d1169